000 00775nas a2200253 4500
001 BR2011006622
003 BR-BrBNA
005 20231205115708.0
007 ta
008 230509b bl.|||p| |||| 00| 00por d
040 _aBR-BrBNA
_bpor
_cBiblioteca Nacional de Agricultura
041 _a(Pt)
072 _aH10
100 1 _aHickel, E.R.
100 1 _aNora, I.
245 1 _aMoscas de asas maculadas capturadas em frascos caça-moscas na Região do Vale do Rio do Peixe
650 _aMOSCA DAS FRUTAS
650 _aANASTREPHA FRATERCULUS
650 _aASA
650 _aARMADILHA
773 0 _tAgropecuária Catarinense (Brazil)
_xISSN 0103-0779
_g(Jul 2007), v. 20(2) p. 47-50
_wBR2011006622
909 _a202311
_bLúcia
_c55
_dLúcia Elande
942 _2AGRIS
_n0
_cANA
999 _c215265
_d215265